Normal view
MARC view
- Biochemestry M.Phil - Thesis.
Entry Topical Term
001 - CONTROL NUMBER
- control field: 30647
003 - CONTROL NUMBER IDENTIFIER
- control field: NUST
005 - DATE AND TIME OF LATEST TRANSACTION
- control field: 20200923111038.0
008 - FIXED-LENGTH DATA ELEMENTS
- fixed length control field: 200923|| aca||aabn | a|a d
040 ## - CATALOGING SOURCE
- Original cataloging agency: NUST
- Transcribing agency: NUST
150 ## - HEADING--TOPICAL TERM
- Topical term or geographic name entry element: Biochemestry M.Phil - Thesis.
670 ## - SOURCE DATA FOUND
- Source citation: Work cat.: (NUST): Arif,Maria 30646, EVALUATION OF CORRELATON BETWEEN EXPRESSON OF p53 AND MALONDIALDEHYDE LEVELS IN PROSTATE CANCER PATIENTS /, 2013.
